000 00878nam a2200241Ia 4500
003 OSt
005 20220923212704.0
006 a|||||r|||| 00| 0
007 ta
008 220922b |||||||| |||| 00| 0 hin d
024 _a155,301
037 _cTextual
040 _aARTS
_cARTS
_bhin
041 _2hin
_ahin
082 _aO15,1D70,1, 152K7
100 _aकुमारदास
_9156277
245 0 _aजानकी हरणम्, अनु व्रजमोहन व्यास, संपा श्रीकृष्ण दास
246 _aJānakī haraṇam, anu0 vrajamohan vyāsa, sanpā0 shrīkṛuṣhṇa dāsa
260 _c1967
490 _aमिश्र प्रकाशन गौरव ग्रथमांला; 11
942 _hO15,1D70,1, 152K7
_cTEXL
_2CC
999 _c310847
_d310847